Radiative decay Y (4260) - X (3872)+ү involving hadronic molecular and charmonium components; Physical Review D; Vol. 90, iss. 7

書誌詳細
Parent link:Physical Review D: covering particles, fields, gravitation, and cosmology.— , 1958-
Vol. 90, iss. 7.— 2014.— [074032, 10 p.]
その他の著者: Yubing Dong, Faessler A., Gutsche Th., Lyubovitskiy (Lyubovitskij) V. E. Valery Efimovich
要約:Title screen
Режим доступа: по договору с организацией-держателем ресурса
言語:英語
出版事項: 2014
主題:
オンライン・アクセス:https://doi.org/10.1103/PhysRevD.90.074032
フォーマット: MixedMaterials 電子媒体 図書の章
KOHA link:https://koha.lib.tpu.ru/cgi-bin/koha/opac-detail.pl?biblionumber=657077

MARC

LEADER 00000naa0a2200000 4500
001 657077
005 20251105104024.0
035 |a (RuTPU)RU\TPU\network\23557 
035 |a RU\TPU\network\23550 
090 |a 657077 
100 |a 20171227d2014 k||y0rusy50 ba 
101 0 |a eng 
102 |a US 
135 |a drcn ---uucaa 
181 0 |a i  
182 0 |a b 
200 1 |a Radiative decay Y (4260) - X (3872)+ү involving hadronic molecular and charmonium components  |f Yubing Dong, [et al.] 
203 |a Text  |c electronic 
300 |a Title screen 
320 |a [References: 29 tit.] 
333 |a Режим доступа: по договору с организацией-держателем ресурса 
461 |t Physical Review D  |o covering particles, fields, gravitation, and cosmology  |d 1958- 
463 |t Vol. 90, iss. 7  |v [074032, 10 p.]  |d 2014 
610 1 |a электронный ресурс 
610 1 |a труды учёных ТПУ 
610 1 |a радиационный распад 
701 0 |a Yubing Dong, 
701 1 |a Faessler  |b A. 
701 1 |a Gutsche  |b Th. 
701 1 |a Lyubovitskiy (Lyubovitskij)  |b V. E.  |c physicist  |c Professor of Tomsk Polytechnic University, Doctor of physical and mathematical sciences, Professor of the University of Tubingen (Germany)  |f 1963-  |g Valery Efimovich  |3 (RuTPU)RU\TPU\pers\33385  |9 17080 
801 2 |a RU  |b 63413507  |c 20171227  |g RCR 
856 4 |u https://doi.org/10.1103/PhysRevD.90.074032 
942 |c CF